[Event "VEN-ch U20 Girls"]
[Site "Merida"]
[Date "2013.04.??"]
[Round "6"]
[White "Davila Laverde, Paoglys Oreana"]
[Black "Taborda Perez, Carla"]
[Result "1-0"]
[WhiteElo "1467"]
[BlackElo "1347"]
[PlyCount "40"]
[EventDate "2013.04.23"]
[EventType "swiss"]
[EventRounds "7"]
[EventCountry "VEN"]
[SourceTitle "EXT 2015"]
[Source "ChessBase"]
[SourceDate "2014.11.20"]
[SourceVersion "1"]
[SourceVersionDate "2014.11.20"]
[SourceQuality "1"]

1. e4 d5 2. exd5 Nf6 3. Bb5+ Bd7 4. Bc4 Bg4 5. f3 Bf5 6. g4 Bg6 7. Nc3 Nbd7 8. g5 Nh5 9. d4 a6 10. Be3 Nb6 11. Bb3 Qd6 12. Nge2 f6 13. Ne4 Bxe4 14. fxe4 0-0-0 15. Qd2 g6 16. c4 Qd7 17. c5 Na8 18. 0-0-0 Ng7 19. Kb1 e6 20. gxf6 exd5 1-0